000 00527nam a22001697a 4500
003 OSt
005 20260126025744.0
008 260126b |||||||| |||| 00| 0 eng d
020 _a0-314-14117-0.
040 _aDWCL-Main lib
_cOC
082 _22nd edition
_aGR. 320.973 M651n 1999
245 _aNTC's American Government
260 _aIllinois :
_bNational Textbook Co.,
_cc1999.
300 _axxii, 855 pages :
_bcolored illustration ;
_c28 cm.
650 _21. United States-Politics and government.
942 _2ddc
_cGR
_kGR.
_n0
999 _c7776
_d7776